000 00873 a2200241 4500
003 CBULib
005 20240626080207.0
008 240626b |||||||| |||| 00| 0 eng d
040 _aCBULib
_bEnglish
_cCBULib
_erda
041 _aeng
050 _aCBU-PG THESIS/AON
100 _aAongola, Nangana Betty
245 _aAssessment of the effect of performance management practices on employee performance in Zambian private schools : case study of Lusaka province
_c/ by Nangana Betty Aongola
260 _bCopperbelt University,
_c2023
_aKitwe :
300 _axii, 80 pages : illustrations
336 _2rdacontent
_aText |
_btxt
337 _2rdamedia
_aUnmediated |
_bn
338 _2rdacarrier
_aVolume
_bnc
650 _aPERFORMANCE APPRAISAL
650 _aPERSONNEL MANAGEMENT--LUSAKA
650 0 _aORGANIZATIONAL PERFORMANCE--EDUCATION
_93008
942 _2mc
_c030
999 _c85089
_d85089